<?xml version="1.0" encoding="UTF-8"?>
<record
    xmlns:xsi="http://www.w3.org/2001/XMLSchema-instance"
    xsi:schemaLocation="http://www.loc.gov/MARC21/slim http://www.loc.gov/standards/marcxml/schema/MARC21slim.xsd"
    xmlns="http://www.loc.gov/MARC21/slim">

  <leader>01132nam0a22002651  4500</leader>
  <controlfield tag="001">rc\240500</controlfield>
  <controlfield tag="005">20250621010422.0</controlfield>
  <datafield tag="035" ind1=" " ind2=" ">
    <subfield code="a">(NLR Aleph) 005490571</subfield>
  </datafield>
  <datafield tag="090" ind1=" " ind2=" ">
    <subfield code="a">5202794</subfield>
    <subfield code="c">5202794</subfield>
  </datafield>
  <datafield tag="100" ind1=" " ind2=" ">
    <subfield code="a">20030307d1990    |||y0rusy50      ca</subfield>
  </datafield>
  <datafield tag="101" ind1="0" ind2=" ">
    <subfield code="a">rus</subfield>
  </datafield>
  <datafield tag="102" ind1=" " ind2=" ">
    <subfield code="a">RU</subfield>
  </datafield>
  <datafield tag="105" ind1=" " ind2=" ">
    <subfield code="a">a   |||||||||</subfield>
  </datafield>
  <datafield tag="200" ind1="1" ind2=" ">
    <subfield code="a">&#x423;&#x431;&#x438;&#x439;&#x441;&#x442;&#x432;&#x43E; &#x43F;&#x43E;-&#x432;&#x430;&#x448;&#x438;&#x43D;&#x433;&#x442;&#x43E;&#x43D;&#x441;&#x43A;&#x438;</subfield>
    <subfield code="f">&#x410;&#x43B;&#x44C;&#x431;&#x435;&#x440;&#x442; &#x41A;&#x430;&#x440;&#x440; (&#x421;&#x428;&#x410;)</subfield>
    <subfield code="g">[&#x41F;&#x435;&#x440;&#x435;&#x432;&#x43E;&#x434; &#x415;. &#x41A;&#x443;&#x431;&#x438;&#x447;&#x435;&#x432;&#x430;]</subfield>
  </datafield>
  <datafield tag="210" ind1=" " ind2=" ">
    <subfield code="a">&#x41C;.</subfield>
    <subfield code="c">&#x41D;&#x41F;&#x41E; "&#x41F;&#x440;&#x43E;&#x433;&#x440;&#x435;&#x441;&#x441;"</subfield>
    <subfield code="d">1990</subfield>
  </datafield>
  <datafield tag="215" ind1=" " ind2=" ">
    <subfield code="a">62, [2] &#x441;.</subfield>
    <subfield code="c">&#x438;&#x43B;.</subfield>
    <subfield code="d">20</subfield>
  </datafield>
  <datafield tag="300" ind1=" " ind2=" ">
    <subfield code="a">&#x41D;&#x430; &#x43E;&#x431;&#x43B;. &#x442;&#x43E;&#x43B;&#x44C;&#x43A;&#x43E; &#x438;&#x43C;&#x435;&#x43D;&#x430; &#x430;&#x432;&#x442;.: &#x410;. &#x41A;&#x440;&#x438;&#x441;&#x442;&#x438;, &#x410;. &#x41A;&#x430;&#x440;&#x440;</subfield>
  </datafield>
  <datafield tag="423" ind1=" " ind2="0">
    <subfield code="1">2001#$a&#x417;&#x430;&#x43C;&#x430;&#x441;&#x43A;&#x438;&#x440;&#x43E;&#x432;&#x430;&#x43D;&#x43D;&#x44B;&#x439; &#x43A;&#x43B;&#x430;&#x434;$f&#x410;&#x433;&#x430;&#x442;&#x430; &#x41A;&#x440;&#x438;&#x441;&#x442;&#x438; (&#x410;&#x43D;&#x433;&#x43B;&#x438;&#x44F;)$g[&#x41F;&#x435;&#x440;. &#x422;. &#x418;&#x432;&#x430;&#x43D;&#x43E;&#x432;&#x43E;&#x439;$g&#x41A; &#x441;&#x431;. &#x432; &#x446;&#x435;&#x43B;&#x43E;&#x43C;: &#x425;&#x443;&#x434;&#x43E;&#x436;. &#x410;. &#x41A;&#x430;&#x442;&#x438;&#x43D;]</subfield>
    <subfield code="1">700#1$a&#x41A;&#x440;&#x438;&#x441;&#x442;&#x438;$b&#x410;.$f1890-1976$g&#x410;&#x433;&#x430;&#x442;&#x430;$3RU\NLR\AUTH\772006</subfield>
    <subfield code="t">&#x417;&#x430;&#x43C;&#x430;&#x441;&#x43A;&#x438;&#x440;&#x43E;&#x432;&#x430;&#x43D;&#x43D;&#x44B;&#x439; &#x43A;&#x43B;&#x430;&#x434;</subfield>
    <subfield code="a">&#x41A;&#x440;&#x438;&#x441;&#x442;&#x438;, &#x410;&#x433;&#x430;&#x442;&#x430; (1890-1976)</subfield>
  </datafield>
  <datafield tag="700" ind1=" " ind2="1">
    <subfield code="a">&#x41A;&#x430;&#x440;&#x440;</subfield>
    <subfield code="b">&#x410;.</subfield>
    <subfield code="g">&#x410;&#x43B;&#x44C;&#x431;&#x435;&#x440;&#x442;</subfield>
  </datafield>
  <datafield tag="801" ind1=" " ind2="0">
    <subfield code="a">RU</subfield>
    <subfield code="b">NLR</subfield>
    <subfield code="g">psbo</subfield>
  </datafield>
  <datafield tag="801" ind1=" " ind2="1">
    <subfield code="a">RU</subfield>
    <subfield code="b">ELAR</subfield>
    <subfield code="2">rusmarc</subfield>
  </datafield>
  <datafield tag="852" ind1=" " ind2=" ">
    <subfield code="a">NLR</subfield>
    <subfield code="j">91-4/382</subfield>
  </datafield>
  <datafield tag="942" ind1=" " ind2=" ">
    <subfield code="c">BOOK</subfield>
  </datafield>
  <datafield tag="980" ind1=" " ind2=" ">
    <subfield code="a">NB</subfield>
  </datafield>
  <datafield tag="995" ind1=" " ind2=" ">
    <subfield code="5">2013-10-26</subfield>
    <subfield code="b">NLR01</subfield>
    <subfield code="c">NLR01</subfield>
    <subfield code="e">RF9</subfield>
    <subfield code="f">5490571-10</subfield>
    <subfield code="k">91-4/382</subfield>
    <subfield code="o">0</subfield>
    <subfield code="r">BOOK</subfield>
    <subfield code="s">914382_</subfield>
  </datafield>
</record>
